Test Your Memory Quiz Stats

 Plays Quiz Updated Jul 9, 2012

Support Sporcle.
Go Orange.
Score 0/11 Timer 01:00
15 Plays Today
% Correct
???
93.8%
???
88.8%
???
88.2%
???
80%
???
66.9%
???
54.1%
???
47.4%
???
42.1%
???
35.5%
???
31%
???
31%

From the Vault

How'd They Meet?: Presidents & First Ladies Edition

by Hejman

History 7m
"We haven’t been careless with the treasure that is ours — namely what we are to each other."
Remove Ads.
Support Sporcle.
Get the best of Sporcle when you Go Orange. This ad-free experience offers more features, more stats, and more fun while also helping to support Sporcle. Thank you for becoming a member.

Show Comments

Extras

Top Quizzes Today


Score Distribution

Your Account Isn't Verified!

In order to create a playlist on Sporcle, you need to verify the email address you used during registration. Go to your Sporcle Settings to finish the process.

Report this User

Report this user for behavior that violates our Community Guidelines.

Details: